Southville International School and Colleges
Your cart is empty.
  • Cart
  • Lists
    Public lists Eva Luna New books Lux_list list_1
    Your lists Log in to create your own lists
  • Log in to your account
  • Your cookies
  • Search history
Southville International School and Colleges
  • Advanced search
  • Recent comments
  • Most popular
  • Libraries

Log in to your account

Log in with GOOGLE


If you do not have an external account, but do have a local account, you can still log in:

  1. Home
  2. MARC view: Tom looks for a home /
Normal view MARC view ISBD view

Tom looks for a home / (Record no. 111911)

[ view plain ]
MARC details
000 -LEADER
fixed length control field 00558nam a2200193 a 4500
001 - CONTROL NUMBER
control field 3289
005 - DATE AND TIME OF LATEST TRANSACTION
control field 20140414131924.0
008 - FIXED-LENGTH DATA ELEMENTS--GENERAL INFORMATION
fixed length control field 060215s19uu xx 00 eng d
020 ## - INTERNATIONAL STANDARD BOOK NUMBER
International Standard Book Number 0-602-25325-X
050 ## - LIBRARY OF CONGRESS CALL NUMBER
Classification number ER
Item number T59 1993
100 ## - MAIN ENTRY--PERSONAL NAME
Personal name Andrew, Moira
245 ## - TITLE STATEMENT
Title Tom looks for a home /
Statement of responsibility, etc story by Moira Andrew ; pictures by Kate Oliver.
260 ## - PUBLICATION, DISTRIBUTION, ETC. (IMPRINT)
Place of publication, distribution, etc London :
Name of publisher, distributor, etc Reed Educational and Professional,
Date of publication, distribution, etc 1993.
300 ## - PHYSICAL DESCRIPTION
Extent 16 p. : ill. ; cm.
440 ## - SERIES STATEMENT/ADDED ENTRY--TITLE
Title Little Books
650 ## - SUBJECT ADDED ENTRY--TOPICAL TERM
Topical term or geographic name as entry element Tortoise
General subdivision Fiction.
650 ## - SUBJECT ADDED ENTRY--TOPICAL TERM
Topical term or geographic name as entry element Animals
General subdivision Fiction.
Holdings
Withdrawn status Lost status Damaged status Use restrictions Home library Current library Shelving location Date acquired Source of acquisition Total Checkouts Full call number Barcode Date last seen Price effective from Koha item type
        Munich Library Munich Library Easy Reading Section 02/15/2006     ER T59 1993 M2846 04/14/2014 04/14/2014 Books

Tom looks for a home /

APA

Andrew M., . (1993). Tom looks for a home. London: Reed Educational and Professional.

Chicago

Andrew Moira, . 1993. Tom looks for a home. London: Reed Educational and Professional.

Harvard

Andrew M., . (1993). Tom looks for a home. London: Reed Educational and Professional.

MLA

Andrew Moira, . Tom looks for a home. London: Reed Educational and Professional. 1993.

  • Place hold
  • Print
  • Cite
  • Add to your cart (remove)
  • Save record
    BIBTEX Dublin Core MARCXML MARC (non-Unicode/MARC-8) MARC (Unicode/UTF-8) MARC (Unicode/UTF-8, Standard) MODS (XML) RIS
  • More searches
    Search for this title in:
    Other Libraries (WorldCat) Other Databases (Google Scholar) Online Stores (Bookfinder.com) Open Library (openlibrary.org)

Exporting to Dublin Core...

SOUTHVILLE LIBRARY

Southville International School and Colleges Library

1281 Tropical Ave. Cor. Luxembourg St., BF Homes International, Las Pinas City

Tel. No. 8256374 / 252358 Loc. 117/146

Powered by Koha